000 00639nmm a2200193Ia 4500
008 251105s9999||||xx |||||||||||||||||und||
020 _a9788417821890
041 _aspa
100 _aLeblanc, Maurice
245 0 _aEstuche Arsène Lupin (Pack digital) :
_b Caballero ladrón - Herlock Sholmès - La doble vida
264 _a[Madrid, España] :
_bRoca Editorial,
_c[Fecha de publicación no identificada]
300 _a0 páginas
650 _aThriller & Suspense
700 _aLeblanc, Maurice
700 1 _a Garza, Lorenzo
700 1 _a Sordo, Enrique
856 _uhttps://public.digitaliapublishing.com/a/124235
942 _cCF
999 _c67708
_d67708